pièces de la maison - Statistiques

Statistiques générales
  • Ce quiz a été pris 179 fois
  • Le résultat moyen est 10 sur 14
Statistiques - réponses
Hint Réponse % Correct
pièce où l'on peut trouver le plus facilement un chat dans un four à micro-ondes cuisine
100%
pièce où ta meuf se rase la barbe tous les matins salle de bain
99%
pièce que je dois déserter car tu ronfles trop chambre
98%
pièce où tu t'endors devant la télé comme un vieux c.. salon
96%
pièce où l'on est le plus susceptible de trouver le calendrier des secrétaires bureau
87%
pièce où ta meuf a servi son fameux plat de testicules de cachalot la dernière fois salle à manger
83%
pièce où tu fais une descente cave
76%
pièce où tu seras "atteint" en premier si un ovni te tombe sur la tête grenier
74%
pièce où tu ranges tous tes livres érotiques bibliothèque
67%
pièce où l'on est le plus susceptible de voir la raie du plombier toilettes
66%
pièce où on ne trouve pas les patins pour marcher dans la maison, bordel....comme tu es entrée
52%
pièce où tu ranges tes déguisements de Zorro et Wonder Woman dressing
51%
pièce du Cluedo qui comprend le moins nombre de lettres hall
26%
pièce où tu conserves des aliments périmés cellier
25%
Aucun quiz correspondant
Distribution des résultats
% des personnes avec chaque résultat
Percentile par nombre de réponses
Votre historique - résultats
Vous n’avez pas pris ce quiz